[Event "SVK-ch U20 rapid"]
[Site "Senec"]
[Date "2023.05.07"]
[Round "3"]
[White "Petrek, Dominik"]
[Black "Valko, Michal"]
[Result "1-0"]
[WhiteElo "1997"]
[BlackElo "1718"]
[PlyCount "87"]
[EventDate "2023.05.07"]
[EventType "rapid"]
[EventRounds "7"]
[EventCountry "SVK"]
[SourceTitle "EXT 2024"]
[Source "ChessBase"]
[SourceDate "2023.10.10"]
[SourceVersion "1"]
[SourceVersionDate "2023.10.10"]
[SourceQuality "1"]

1. d4 Nf6 2. Nf3 b6 3. g3 Bb7 4. Bg2 g6 5. c4 Bg7 6. 0-0 0-0 7. Nc3 d6 8. Qc2 Nbd7 9. e4 c5 10. d5 a6 11. Re1 Ne8 12. Bf4 Rb8 13. a4 Ba8 14. Re2 Ne5 15. Nxe5 dxe5 16. Be3 Nd6 17. b3 Qc7 18. Bf1 Bb7 19. f3 Bc8 20. Rf2 Bd7 21. Re1 f5 22. f4 fxe4 23. Nxe4 Bf5 24. Bd3 Bxe4 25. Bxe4 exf4 26. Rxf4 Rxf4 27. Bxf4 Rf8 28. Bg2 Bd4+ 29. Kh1 Qd7 30. Qe2 Nf5 31. Qe6+ Qxe6 32. Rxe6 Rf6 33. Bc7 Rxe6 34. dxe6 Kg7 35. Bxb6 Kf6 36. Bb7 Kg5 37. Bxa6 Kg4 38. Bb7 Ne3 39. a5 Nd1 40. Bc7 h5 41. a6 g5 42. a7 h4 43. a8Q h3 44. Bf3+ 1-0

[Event "SVK-ch U20 rapid"]
[Site "Senec"]
[Date "2023.05.07"]
[Round "7"]
[White "Valko, Michal"]
[Black "Zdrazil, Patrik"]
[Result "1/2-1/2"]
[WhiteElo "1718"]
[BlackElo "1921"]
[PlyCount "108"]
[EventDate "2023.05.07"]
[EventType "rapid"]
[EventRounds "7"]
[EventCountry "SVK"]
[SourceTitle "EXT 2024"]
[Source "ChessBase"]
[SourceDate "2023.10.10"]
[SourceVersion "1"]
[SourceVersionDate "2023.10.10"]
[SourceQuality "1"]

1. e4 c5 2. Nf3 d6 3. d4 cxd4 4. Qxd4 Nc6 5. Bb5 Bd7 6. Bxc6 Bxc6 7. Nc3 Nf6 8. Bg5 e6 9. 0-0-0 Be7 10. Qd3 Qa5 11. h4 h6 12. Bd2 Qa6 13. Qxa6 bxa6 14. Rhe1 Ng4 15. Re2 Bd7 16. g3 0-0 17. Kb1 Rfd8 18. e5 d5 19. Nd4 Bc5 20. Bc1 h5 21. f3 Nh6 22. Bxh6 gxh6 23. g4 hxg4 24. fxg4 Rab8 25. Rg2 a5 26. Nce2 Be7 27. Rh1 a4 28. g5 hxg5 29. hxg5 Kg7 30. Nf4 Rh8 31. Nh5+ Kf8 32. g6 fxg6 33. Rf1+ Ke8 34. Rxg6 Rb6 35. Ng7+ Kd8 36. Ngxe6+ Bxe6 37. Rxe6 Rxe6 38. Nxe6+ Kd7 39. Nd4 Rh4 40. c3 Re4 41. e6+ Kd6 42. Kc2 a6 43. a3 Rg4 44. Re1 Rg2+ 45. Kb1 Rf2 46. Rh1 Bf6 47. Rd1 Rf4 48. Kc2 Bxd4 49. cxd4 Kxe6 50. Rd2 Kd6 51. Kc3 a5 52. Rh2 Rf3+ 53. Kc2 Rf4 54. Rd2 Rf3 1/2-1/2

[Event "SVK-chT1E 2223"]
[Site "Slovakia"]
[Date "2023.02.05"]
[Round "9.7"]
[White "Valko, Michal"]
[Black "Sventek, Anton"]
[Result "1-0"]
[WhiteElo "1920"]
[BlackElo "2020"]
[PlyCount "103"]
[EventDate "2022.10.15"]
[EventType "team-tourn"]
[EventRounds "11"]
[EventCountry "SVK"]
[SourceTitle "EXT 2024"]
[Source "ChessBase"]
[SourceDate "2023.10.10"]
[SourceVersion "1"]
[SourceVersionDate "2023.10.10"]
[SourceQuality "1"]
[WhiteTeam "Humenne Reinter II"]
[BlackTeam "Cadca"]
[WhiteTeamCountry "SVK"]
[BlackTeamCountry "SVK"]

1. e4 e6 2. d4 d5 3. Nd2 Nf6 4. Bd3 c5 5. dxc5 dxe4 6. Bxe4 Bxc5 7. Ngf3 Qb6 8. 0-0 Bd7 9. Qe2 Nc6 10. Nb3 Bd6 11. c3 Nxe4 12. Qxe4 0-0-0 13. Be3 Qc7 14. Bc5 Bxc5 15. Nxc5 Nb8 16. Nxd7 Rxd7 17. Rad1 Nc6 18. Nd4 Rd5 19. a4 a6 20. Nxc6 Qxc6 21. Rxd5 exd5 22. Qg4+ Qd7 23. Qxg7 Re8 24. Qxh7 Re2 25. Qh8+ Kc7 26. Qd4 Kb8 27. Qf4+ Ka7 28. Qb4 Re4 29. Qb3 Rxa4 30. Rd1 Re4 31. h3 Re5 32. Qb4 Qe6 33. Qd4+ Kb8 34. Qf4 Ka7 35. g3 Re4 36. Qd2 Re5 37. Kg2 f6 38. h4 b6 39. Qd3 Qc6 40. Qh7+ Kb8 41. Rd4 a5 42. h5 Qe8 43. h6 Rg5 44. Rh4 f5 45. Qg7 Rxg7 46. hxg7 Kb7 47. Rh8 Qe4+ 48. Kh2 Qf3 49. g8Q Qxf2+ 50. Kh3 Qf1+ 51. Kh4 Qc4+ 52. g4 1-0

[Event "SVK-chT U18"]
[Site "Radava"]
[Date "2022.11.24"]
[Round "7.2"]
[White "Salgovic, Simon"]
[Black "Valko, Michal"]
[Result "1-0"]
[WhiteElo "2001"]
[BlackElo "1862"]
[PlyCount "87"]
[EventDate "2022.11.21"]
[EventType "team-swiss"]
[EventRounds "7"]
[EventCountry "SVK"]
[SourceTitle "CBM 211 Extra"]
[Source "ChessBase"]
[SourceDate "2023.01.31"]
[SourceVersion "1"]
[SourceVersionDate "2023.01.31"]
[SourceQuality "1"]
[WhiteTeam "Bratislava Doprastav"]
[BlackTeam "Humenne Reinter"]
[WhiteTeamCountry "SVK"]
[BlackTeamCountry "SVK"]

1. e4 c5 2. Nf3 d6 3. d4 cxd4 4. Nxd4 Nc6 5. Nc3 e5 6. Ndb5 a6 7. Na3 Be7 8. g3 Nf6 9. Bg5 b5 10. Bxf6 Bxf6 11. Nd5 0-0 12. Bg2 Rb8 13. 0-0 Bg5 14. h4 Be7 15. c3 Be6 16. Nc2 Qd7 17. Qd2 Bd8 18. Rfd1 Kh8 19. Nce3 g6 20. a4 Bh3 21. axb5 axb5 22. Bxh3 Qxh3 23. Ra6 Rc8 24. Qe2 f5 25. Qf1 Qxf1+ 26. Nxf1 f4 27. Kg2 fxg3 28. fxg3 g5 29. h5 b4 30. g4 bxc3 31. bxc3 Ne7 32. Nfe3 Rb8 33. Rd2 Nc8 34. Nf5 Bb6 35. Nxb6 Nxb6 36. Rxd6 Nc4 37. Rd7 Rb2+ 38. Kh3 Ne3 39. Rh6 Rxf5 40. Rhxh7+ Kg8 41. gxf5 Nf1 42. f6 Rh2+ 43. Kg4 Ne3+ 44. Kf3 1-0

[Event "SVK-chT U18"]
[Site "Radava"]
[Date "2022.11.24"]
[Round "6.2"]
[White "Valko, Michal"]
[Black "Stevik, Patrik1111"]
[Result "0-1"]
[WhiteElo "1862"]
[BlackElo "2200"]
[PlyCount "96"]
[EventDate "2022.11.21"]
[EventType "team-swiss"]
[EventRounds "7"]
[EventCountry "SVK"]
[SourceTitle "CBM 211 Extra"]
[Source "ChessBase"]
[SourceDate "2023.01.31"]
[SourceVersion "1"]
[SourceVersionDate "2023.01.31"]
[SourceQuality "1"]
[WhiteTeam "Humenne Reinter"]
[BlackTeam "Banska Bystrica Junior"]
[WhiteTeamCountry "SVK"]
[BlackTeamCountry "SVK"]

1. e4 d6 2. d4 Nf6 3. Nc3 Nbd7 4. g3 e5 5. Bg2 Be7 6. Nge2 c6 7. 0-0 Qc7 8. h3 0-0 9. Be3 Re8 10. f4 Bf8 11. dxe5 dxe5 12. f5 b5 13. g4 b4 14. Nb1 Bc5 15. Bxc5 Nxc5 16. Ng3 Ba6 17. Re1 Rad8 18. Qf3 Qb6 19. Kh1 h6 20. b3 Qa5 21. Qe3 Rd4 22. Nd2 Qc7 23. Nf3 Ncxe4 24. Nxe4 Rxe4 25. Qc5 Rxe1+ 26. Rxe1 e4 27. Nd2 Qg3 28. Qe3 Qh4 29. Kg1 Nd5 30. Qf2 Qxf2+ 31. Kxf2 e3+ 32. Kg3 Nc3 33. Nc4 Bxc4 34. bxc4 c5 35. Kf3 e2 36. Kf2 a5 37. Bf3 Nxa2 38. Rxe2 Rxe2+ 39. Kxe2 Nc3+ 40. Kd2 a4 41. Kc1 a3 42. Bc6 Kf8 43. Bf3 Ke7 44. Bc6 Kf6 45. Be8 g6 46. Bd7 g5 47. Be8 Ke7 48. Bc6 f6 0-1

[Event "SVK-chT U18"]
[Site "Radava"]
[Date "2022.11.22"]
[Round "2.2"]
[White "Valko, Michal"]
[Black "Brnusak, Tomas"]
[Result "0-1"]
[WhiteElo "1862"]
[BlackElo "2107"]
[PlyCount "79"]
[EventDate "2022.11.21"]
[EventType "team-swiss"]
[EventRounds "7"]
[EventCountry "SVK"]
[SourceTitle "CBM 211 Extra"]
[Source "ChessBase"]
[SourceDate "2023.01.31"]
[SourceVersion "1"]
[SourceVersionDate "2023.01.31"]
[SourceQuality "1"]
[WhiteTeam "Humenne Reinter"]
[BlackTeam "Liptov Chess School"]
[WhiteTeamCountry "SVK"]
[BlackTeamCountry "SVK"]

1. e4 c5 2. Nf3 e6 3. d4 cxd4 4. Nxd4 a6 5. Qf3 Qc7 6. Bd3 b6 7. 0-0 Bb7 8. c4 d6 9. b3 Nd7 10. Bb2 Ngf6 11. Nc3 Ne5 12. Qe2 Nxd3 13. Qxd3 Be7 14. Rac1 0-0 15. Rfe1 Nd7 16. Qg3 Bf6 17. Red1 Nc5 18. f3 Qe7 19. Nc2 Be5 20. Qf2 f5 21. exf5 Rxf5 22. Ne3 Rg5 23. b4 Rf8 24. bxc5 Rxf3 25. cxd6 Bxd6 26. Ncd5 Qf7 27. Qe2 exd5 28. cxd5 Qf4 29. Nf1 Rxf1+ 30. Qxf1 Qxh2+ 31. Kf2 Rf5+ 32. Ke2 Rxf1 33. Kxf1 Qf4+ 34. Kg1 Qe3+ 35. Kh1 Bg3 36. Bd4 Qh6+ 37. Kg1 Qh2+ 38. Kf1 a5 39. Bg1 Ba6+ 40. Rd3 0-1

[Event "SVK-chT1E 2223"]
[Site "Slovakia"]
[Date "2022.11.05"]
[Round "3.7"]
[White "Klein, Peter"]
[Black "Valko, Michal"]
[Result "0-1"]
[WhiteElo "1948"]
[BlackElo "1920"]
[PlyCount "92"]
[EventDate "2022.10.15"]
[EventType "team-tourn"]
[EventRounds "11"]
[EventCountry "SVK"]
[SourceTitle "EXT 2024"]
[Source "ChessBase"]
[SourceDate "2023.10.10"]
[SourceVersion "1"]
[SourceVersionDate "2023.10.10"]
[SourceQuality "1"]
[WhiteTeam "Zvolen Slavia"]
[BlackTeam "Humenne Reinter II"]
[WhiteTeamCountry "SVK"]
[BlackTeamCountry "SVK"]

1. e4 c5 2. Nc3 Nc6 3. g3 g6 4. Bg2 Bg7 5. d3 d6 6. f4 e5 7. Nf3 Nge7 8. 0-0 exf4 9. Bxf4 0-0 10. Qd2 Nd4 11. Rab1 Nxf3+ 12. Bxf3 Bh3 13. Bg2 Be6 14. Bh6 d5 15. Bxg7 Kxg7 16. Qf4 d4 17. Qe5+ Kg8 18. Ne2 Rc8 19. Nf4 Qd7 20. Nxe6 Qxe6 21. Qxe6 fxe6 22. Bh3 Rc6 23. Rxf8+ Kxf8 24. Rf1+ Kg7 25. Kf2 e5 26. Ke2 Rb6 27. b3 Ra6 28. a4 Rf6 29. Rc1 Nc6 30. Bd7 Nb4 31. Bb5 Na2 32. Rf1 Rxf1 33. Kxf1 Nb4 34. Kf2 Nxc2 35. Kf3 Kf6 36. h4 h6 37. Bc4 Ne3 38. Bb5 Ke7 39. h5 a6 40. Bc4 Nxc4 41. bxc4 gxh5 42. Kg2 b6 43. Kh3 Kf6 44. Kh4 Kg6 45. g4 hxg4 46. Kxg4 h5+ 0-1

[Event "Liptovsky Jan op"]
[Site "Liptovsky Jan"]
[Date "2022.06.25"]
[Round "4.24"]
[White "Carnecka, Stella"]
[Black "Valko, Michal"]
[Result "0-1"]
[WhiteElo "1588"]
[BlackElo "1840"]
[PlyCount "40"]
[EventDate "2022.06.23"]
[EventType "swiss"]
[EventRounds "7"]
[EventCountry "SVK"]
[SourceTitle "CBM 209 Extra"]
[Source "ChessBase"]
[SourceDate "2022.09.30"]
[SourceVersion "1"]
[SourceVersionDate "2022.09.30"]
[SourceQuality "1"]

1. e4 c5 2. Nf3 e6 3. d4 cxd4 4. Nxd4 Nf6 5. Nc3 a6 6. a3 Qc7 7. Be2 b6 8. Nf3 d6 9. 0-0 Bb7 10. Bd3 Be7 11. h3 Nbd7 12. Re1 0-0 13. Bf4 Rfc8 14. Nd2 h6 15. Nc4 b5 16. Nxd6 Bxd6 17. e5 Nxe5 18. Be2 Kh7 19. h4 Kg6 20. g3 Kf5 0-1

[Event "Liptovsky Jan op"]
[Site "Liptovsky Jan"]
[Date "2022.06.24"]
[Round "2.5"]
[White "Rucek, Kristian"]
[Black "Valko, Michal"]
[Result "1/2-1/2"]
[WhiteElo "2234"]
[BlackElo "1840"]
[PlyCount "99"]
[EventDate "2022.06.23"]
[EventType "swiss"]
[EventRounds "7"]
[EventCountry "SVK"]
[SourceTitle "CBM 209 Extra"]
[Source "ChessBase"]
[SourceDate "2022.09.30"]
[SourceVersion "1"]
[SourceVersionDate "2022.09.30"]
[SourceQuality "1"]

1. b3 Nf6 2. Bb2 g6 3. Nf3 Bg7 4. c4 0-0 5. g3 d6 6. d4 Nbd7 7. Bg2 c5 8. 0-0 cxd4 9. Nxd4 a5 10. Nc3 Nc5 11. Ncb5 a4 12. b4 Ne6 13. a3 Nxd4 14. Bxd4 Be6 15. Rc1 Rc8 16. Bxb7 Rxc4 17. Qxa4 Qd7 18. Qa6 Rb8 19. Bc6 Qxc6 20. Qxc6 Rxc6 21. Rxc6 Rxb5 22. Rb1 Bf5 23. Rb2 Rd5 24. Rc4 e5 25. Ba7 Rd1+ 26. Kg2 d5 27. Rc7 d4 28. Rc5 Ne4 29. Rd5 Ng5 30. Rd8+ Bf8 31. h4 Ne6 32. Rb8 Kg7 33. a4 Nc7 34. b5 Nd5 35. b6 Be4+ 36. f3 Ne3+ 37. Kh2 Ng4+ 38. Kh3 Ne3 39. g4 Rh1+ 40. Kg3 Be7 41. g5 Bf5 42. b7 Rh3+ 43. Kf2 Rh2+ 44. Kg1 Rg2+ 45. Kh1 Bd6 46. Rd8 Rf2 47. Rxd6 Rf1+ 48. Kh2 Rf2+ 49. Kg1 Rf1+ 50. Kh2 1/2-1/2

[Event "SVK-ch U18"]
[Site "Stara Lubovna"]
[Date "2022.05.28"]
[Round "9"]
[White "Nadzamova, Viktoria"]
[Black "Valko, Michal"]
[Result "1-0"]
[WhiteElo "2135"]
[BlackElo "1906"]
[PlyCount "65"]
[EventDate "2022.05.21"]
[EventType "swiss"]
[EventRounds "9"]
[EventCountry "SVK"]
[SourceTitle "CBM 208 Extra"]
[Source "ChessBase"]
[SourceDate "2022.07.31"]
[SourceVersion "1"]
[SourceVersionDate "2022.07.31"]
[SourceQuality "1"]

1. d4 d5 2. Nf3 Nc6 3. g3 Bf5 4. a3 e6 5. Bg2 h5 6. h4 Qf6 7. Bf4 Qg6 8. c3 0-0-0 9. Nbd2 Bc2 10. Qc1 f6 11. b4 Nh6 12. Ra2 Ba4 13. c4 Ng4 14. b5 Nxd4 15. Nxd4 e5 16. Ne6 exf4 17. cxd5 Bd6 18. Ne4 Kb8 19. Nxd6 cxd6 20. 0-0 Rd7 21. Nxf4 Qf5 22. Qc4 g5 23. Ne6 Bd1 24. e4 Qg6 25. Rxd1 gxh4 26. Qb3 hxg3 27. Qxg3 h4 28. Qh3 Rg8 29. Kf1 Qh5 30. Re1 Qe5 31. f4 Qh5 32. Bf3 f5 33. Rg2 1-0

[Event "SVK-ch U18"]
[Site "Stara Lubovna"]
[Date "2022.05.23"]
[Round "3"]
[White "Babjak, Samuel"]
[Black "Valko, Michal"]
[Result "1-0"]
[WhiteElo "1577"]
[BlackElo "1906"]
[PlyCount "121"]
[EventDate "2022.05.21"]
[EventType "swiss"]
[EventRounds "9"]
[EventCountry "SVK"]
[SourceTitle "CBM 208 Extra"]
[Source "ChessBase"]
[SourceDate "2022.07.31"]
[SourceVersion "1"]
[SourceVersionDate "2022.07.31"]
[SourceQuality "1"]

1. Nf3 d5 2. d4 Nc6 3. Bf4 Bg4 4. e3 a6 5. c4 Nf6 6. Nc3 e6 7. h3 Bf5 8. a3 Be7 9. Bd3 Ne4 10. cxd5 Nxc3 11. bxc3 Qxd5 12. Bxc7 Bxd3 13. Qxd3 0-0 14. 0-0 Rfc8 15. Bg3 Na5 16. Nd2 b5 17. a4 Nc4 18. e4 Qb7 19. axb5 axb5 20. Nxc4 Rxc4 21. Rxa8+ Qxa8 22. Rb1 Qc6 23. Rb3 h6 24. f3 Qa6 25. Qb1 Bg5 26. f4 Be7 27. Rxb5 Rxc3 28. Rb8+ Kh7 29. e5+ g6 30. Kh2 Qa3 31. Bf2 Kg7 32. Qb2 Rd3 33. Qxa3 Bxa3 34. Bh4 g5 35. fxg5 hxg5 36. Bxg5 Rxd4 37. Bf6+ Kg6 38. Rg8+ Kf5 39. Rg5+ Ke4 40. Rg4+ Kd5 41. Rxd4+ Kxd4 42. h4 Bc1 43. g3 Ke4 44. h5 Kf5 45. Kh3 Bh6 46. Kh4 Bf8 47. g4+ Kf4 48. g5 Kf5 49. h6 Kg6 50. Kg4 Bc5 51. Kf3 Bb4 52. Ke4 Bc5 53. Kd3 Ba3 54. Kc4 Bf8 55. Kb5 Ba3 56. Kc6 Bb4 57. Kd7 Bc5 58. Ke8 Bb4 59. h7 Kxh7 60. Kxf7 Bc3 61. g6+ 1-0

[Event "SVK-ch U18"]
[Site "Stara Lubovna"]
[Date "2022.05.22"]
[Round "2"]
[White "Valko, Michal"]
[Black "Zdrazil, Patrik"]
[Result "0-1"]
[WhiteElo "1906"]
[BlackElo "1997"]
[PlyCount "63"]
[EventDate "2022.05.21"]
[EventType "swiss"]
[EventRounds "9"]
[EventCountry "SVK"]
[SourceTitle "CBM 208 Extra"]
[Source "ChessBase"]
[SourceDate "2022.07.31"]
[SourceVersion "1"]
[SourceVersionDate "2022.07.31"]
[SourceQuality "1"]

1. e4 c5 2. Nf3 d6 3. d4 cxd4 4. Nxd4 Nf6 5. Nc3 Nc6 6. Be2 e5 7. Nb3 Be7 8. 0-0 0-0 9. Bf3 Be6 10. Nd5 Rc8 11. a4 Bxd5 12. exd5 Na5 13. Nd2 Nc4 14. b3 Nxd2 15. Qxd2 Nd7 16. c4 a5 17. Ba3 f5 18. Be2 e4 19. b4 Ne5 20. Qa2 f4 21. Rfe1 f3 22. Bf1 fxg2 23. Kxg2 Bh4 24. Re2 Qg5+ 25. Kh1 Nf3 26. Bg2 Qf4 27. Bxf3 Qxf3+ 28. Kg1 Rf6 29. Rc2 Rcf8 30. Re1 Qg4+ 31. Kh1 Rxf2 32. bxa5 0-1

[Event "SVK-chT1E 2122"]
[Site "Slovakia"]
[Date "2022.03.20"]
[Round "7.5"]
[White "Kaminsky, Ladislav"]
[Black "Valko, Michal"]
[Result "0-1"]
[WhiteElo "1611"]
[BlackElo "1893"]
[PlyCount "36"]
[EventDate "2022.01.29"]
[EventType "team-tourn"]
[EventRounds "11"]
[EventCountry "SVK"]
[SourceTitle "EXT 2023"]
[Source "ChessBase"]
[SourceDate "2022.10.05"]
[SourceVersion "1"]
[SourceVersionDate "2022.10.05"]
[SourceQuality "1"]
[WhiteTeam "Sabinov"]
[BlackTeam "Humenne Reinter II"]
[WhiteTeamCountry "SVK"]
[BlackTeamCountry "SVK"]

1. Nf3 Nf6 2. d4 g6 3. Bf4 Bg7 4. e3 0-0 5. Bd3 b6 6. 0-0 Bb7 7. c4 d6 8. Nc3 Nbd7 9. Qe2 Nh5 10. Bg5 h6 11. Bh4 Qe8 12. Nd5 Bxd5 13. cxd5 f5 14. Rac1 Ndf6 15. Rxc7 Nxd5 16. Bc4 e6 17. Bxd5 exd5 18. Qb5 Qxb5 0-1

[Event "SVK-chT1E 2122"]
[Site "Slovakia"]
[Date "2022.03.19"]
[Round "6.6"]
[White "Fecko, Juraj"]
[Black "Valko, Michal"]
[Result "0-1"]
[WhiteElo "1718"]
[BlackElo "1893"]
[PlyCount "66"]
[EventDate "2022.01.29"]
[EventType "team-tourn"]
[EventRounds "11"]
[EventCountry "SVK"]
[SourceTitle "EXT 2023"]
[Source "ChessBase"]
[SourceDate "2022.10.05"]
[SourceVersion "1"]
[SourceVersionDate "2022.10.05"]
[SourceQuality "1"]
[WhiteTeam "Michalovce Zemplin"]
[BlackTeam "Humenne Reinter II"]
[WhiteTeamCountry "SVK"]
[BlackTeamCountry "SVK"]

1. e4 c5 2. Nf3 Nc6 3. Bb5 d6 4. Bxc6+ bxc6 5. 0-0 e5 6. c3 f5 7. exf5 Be7 8. d4 cxd4 9. cxd4 e4 10. Nfd2 Bxf5 11. Re1 Nf6 12. Nc3 d5 13. f3 0-0 14. fxe4 dxe4 15. Ndxe4 Nxe4 16. Nxe4 Bh4 17. g3 Re8 18. Nf2 Rxe1+ 19. Qxe1 Bf6 20. Be3 Rb8 21. Qd2 Qe7 22. g4 Re8 23. Bf4 g5 24. gxf5 gxf4 25. Qxf4 Kh8 26. Qd2 Qg7+ 27. Kf1 Bxd4 28. Rd1 c5 29. b4 Rg8 30. Nh3 Qg4 31. Nf4 Qxf5 32. bxc5 Rg1+ 33. Ke2 Qe4+ 0-1

[Event "SVK-chT 2122"]
[Site "Slovakia"]
[Date "2021.10.23"]
[Round "1.3"]
[White "Kopera, Michal"]
[Black "Valko, Michal"]
[Result "1-0"]
[WhiteElo "2148"]
[BlackElo "1913"]
[PlyCount "55"]
[EventDate "2021.10.23"]
[EventType "team-tourn"]
[EventRounds "11"]
[EventCountry "SVK"]
[SourceTitle "CBM 204 Extra"]
[Source "ChessBase"]
[SourceDate "2021.11.30"]
[SourceVersion "1"]
[SourceVersionDate "2021.11.30"]
[SourceQuality "1"]
[WhiteTeam "Zilina Mladost"]
[BlackTeam "Humenne Reinter"]
[WhiteTeamCountry "SVK"]
[BlackTeamCountry "SVK"]

1. d4 Nf6 2. Bf4 b6 3. Nf3 Bb7 4. e3 e6 5. Bd3 d6 6. Nbd2 Nbd7 7. e4 Nh5 8. Be3 g6 9. e5 f5 10. exf6 Qxf6 11. 0-0 Bg7 12. Ne4 Bxe4 13. Bxe4 d5 14. Bd3 0-0 15. Re1 c6 16. c4 Rae8 17. Qa4 e5 18. cxd5 e4 19. dxc6 exf3 20. cxd7 Rxe3 21. Rxe3 fxg2 22. Qc2 Qg5 23. Be4 Nf4 24. Rae1 Qg4 25. Qc7 Qh4 26. Rf3 Qe7 27. Rxf4 Rxf4 28. d8Q+ 1-0

[Event "SVK-ch U20 rapid"]
[Site "Nitra"]
[Date "2021.09.11"]
[Round "1"]
[White "Valko, Michal"]
[Black "Stevik, Patrik1111"]
[Result "0-1"]
[WhiteElo "1541"]
[BlackElo "2082"]
[PlyCount "62"]
[EventDate "2021.09.11"]
[EventType "swiss (rapid)"]
[EventRounds "7"]
[EventCountry "SVK"]
[SourceTitle "EXT 2023"]
[Source "ChessBase"]
[SourceDate "2022.10.05"]
[SourceVersion "1"]
[SourceVersionDate "2022.10.05"]
[SourceQuality "1"]

1. e4 g6 2. g3 Bg7 3. Bg2 d6 4. Ne2 Nf6 5. 0-0 c5 6. c4 0-0 7. Nbc3 Nc6 8. d3 Rb8 9. Be3 a6 10. a4 Bd7 11. h3 Na5 12. f4 b5 13. axb5 axb5 14. cxb5 Bxb5 15. g4 Nd7 16. Ng3 Bc6 17. g5 Rxb2 18. Nce2 Qb6 19. f5 Nb3 20. Rb1 Rxb1 21. Qxb1 Rb8 22. Nf4 Nd4 23. Qd1 Qb3 24. Qg4 Ne5 25. Qh4 Nxd3 26. f6 Bf8 27. Nd5 Bxd5 28. exd5 Ne5 29. Bf4 Ndf3+ 30. Bxf3 Nxf3+ 31. Rxf3 Qxf3 0-1

[Event "SVK-ch U18/20"]
[Site "Stara Lubovna"]
[Date "2021.06.29"]
[Round "5"]
[White "Ciglian, Michal"]
[Black "Valko, Michal"]
[Result "1/2-1/2"]
[WhiteElo "1746"]
[BlackElo "1809"]
[PlyCount "69"]
[EventDate "2021.06.26"]
[EventType "swiss"]
[EventRounds "9"]
[EventCountry "SVK"]
[SourceTitle "CBM 203 Extra"]
[Source "ChessBase"]
[SourceDate "2021.09.30"]
[SourceVersion "1"]
[SourceVersionDate "2021.09.30"]
[SourceQuality "1"]

1. d4 d5 2. c4 e5 3. Nc3 dxc4 4. d5 Nf6 5. e4 c6 6. Bxc4 b5 7. Bb3 b4 8. Nce2 Nxe4 9. Nf3 Bc5 10. 0-0 Qb6 11. Be3 Bxe3 12. fxe3 Qxe3+ 13. Kh1 Nf2+ 14. Rxf2 Qxf2 15. dxc6 0-0 16. Nxe5 Qe3 17. Nxf7 Be6 18. Bxe6 Qxe6 19. Ng5 Qe7 20. Qb3+ Kh8 21. Qd5 Nxc6 22. Ne6 Rfc8 23. N2f4 Nd8 24. Ng5 Qf6 25. Rf1 Qxf4 26. Qd3 Qxf1+ 27. Qxf1 Nb7 28. h3 h6 29. Ne6 Nc5 30. Nf4 Rc6 31. Qb5 Rac8 32. Nd5 Ne4 33. Kh2 Nf6 34. Ne7 Rb6 35. Qf5 1/2-1/2

[Event "SVK-ch U18/20"]
[Site "Stara Lubovna"]
[Date "2021.06.28"]
[Round "3"]
[White "Turcan, Richard"]
[Black "Valko, Michal"]
[Result "1-0"]
[WhiteElo "2295"]
[BlackElo "1809"]
[PlyCount "53"]
[EventDate "2021.06.26"]
[EventType "swiss"]
[EventRounds "9"]
[EventCountry "SVK"]
[SourceTitle "CBM 203 Extra"]
[Source "ChessBase"]
[SourceDate "2021.09.30"]
[SourceVersion "1"]
[SourceVersionDate "2021.09.30"]
[SourceQuality "1"]

1. b3 e5 2. Bb2 Nc6 3. e3 Nf6 4. Bb5 Bd6 5. Ne2 Qe7 6. Ng3 Nd5 7. 0-0 a6 8. Be2 Bc5 9. c4 Nf6 10. d4 exd4 11. exd4 Bb6 12. d5 Nb4 13. a3 h5 14. axb4 d6 15. Re1 Kf8 16. c5 dxc5 17. Bf3 Qd8 18. Ba3 cxb4 19. Bxb4+ Kg8 20. Be7 Qd7 21. Bxf6 gxf6 22. Nc3 h4 23. Nh5 Rh6 24. Ne4 Qf5 25. Nexf6+ Rxf6 26. Re8+ Kh7 27. Be4 1-0

[Event "SVK League Cup 1st"]
[Site "Tornelo INT"]
[Date "2021.04.10"]
[Round "5"]
[White "Mazur, Stefan"]
[Black "Valko, Michal"]
[Result "1-0"]
[WhiteElo "2416"]
[BlackElo "1809"]
[PlyCount "49"]
[EventDate "2021.03.27"]
[EventType "swiss"]
[EventRounds "8"]
[EventCountry "SVK"]
[SourceTitle "EXT 2022"]
[Source "ChessBase"]
[SourceDate "2021.10.06"]
[SourceVersion "1"]
[SourceVersionDate "2021.10.06"]
[SourceQuality "1"]

1. e4 c5 2. Nf3 Nc6 3. Nc3 g6 4. d4 cxd4 5. Nxd4 Bg7 6. Be3 Nf6 7. Bc4 0-0 8. Bb3 d6 9. f3 Bd7 10. Qd2 Nxd4 11. Bxd4 b5 12. 0-0 a5 13. a4 b4 14. Nd5 Nxd5 15. Bxg7 Kxg7 16. exd5 Rc8 17. Rfe1 Rc5 18. Re2 Bf5 19. Rae1 Re8 20. h4 f6 21. g4 Bc8 22. g5 f5 23. h5 gxh5 24. Qd4+ Kg6 25. Rxe7 1-0

[Event "SVK League Cup 1st"]
[Site "Tornelo INT"]
[Date "2021.04.03"]
[Round "3"]
[White "Panko, Radoslav"]
[Black "Valko, Michal"]
[Result "0-1"]
[WhiteElo "2044"]
[BlackElo "1809"]
[PlyCount "134"]
[EventDate "2021.03.27"]
[EventType "swiss"]
[EventRounds "8"]
[EventCountry "SVK"]
[SourceTitle "EXT 2022"]
[Source "ChessBase"]
[SourceDate "2021.10.06"]
[SourceVersion "1"]
[SourceVersionDate "2021.10.06"]
[SourceQuality "1"]

1. d4 Nf6 2. Bg5 d5 3. e3 c5 4. c3 Nc6 5. Nd2 e6 6. Bd3 h6 7. Bh4 b6 8. f4 Bd6 9. Nh3 Qc7 10. Qf3 Bd7 11. a3 Na5 12. 0-0 0-0-0 13. dxc5 bxc5 14. b4 c4 15. Bc2 Nc6 16. e4 dxe4 17. Nxe4 Nxe4 18. Qxe4 g5 19. Bg3 f5 20. Qxc4 g4 21. Nf2 h5 22. Nd3 h4 23. Be1 g3 24. h3 Qb6+ 25. Kh1 Kb8 26. Ba4 Rc8 27. Nc5 Bxc5 28. bxc5 Qa5 29. Bd2 Ka8 30. Bd1 Nd8 31. Bf3+ Bc6 32. Be3 Bxf3 33. Rxf3 Rc6 34. Bd4 Re8 35. Qb4 Qc7 36. Be5 Qc8 37. Rb1 Nb7 38. Bd4 Nxc5 39. Bxc5 Rxc5 40. Rd1 Re7 41. Rfd3 Rb7 42. Qa4 Rd5 43. Rxd5 exd5 44. Rxd5 Rb1+ 45. Rd1 Rxd1+ 46. Qxd1 Qxc3 47. Qd5+ Kb8 48. Qd6+ Kb7 49. Qd7+ Kb6 50. Qe6+ Qc6 51. Qb3+ Qb5 52. Qe3+ Ka6 53. Qc1 Ka5 54. Qd1 Qc5 55. Qa1 Qe3 56. Qe5+ Qxe5 57. fxe5 Kb5 58. Kg1 Kc5 59. Kf1 Kd5 60. e6 Kxe6 61. Ke2 Ke5 62. Ke3 a6 63. Kf3 f4 64. Kg4 Ke4 65. Kxh4 Ke3 66. Kg4 f3 67. Kxg3 f2 0-1

[Event "SVK League Cup 1st"]
[Site "Tornelo INT"]
[Date "2021.03.27"]
[Round "1"]
[White "Kocur, Jan"]
[Black "Valko, Michal"]
[Result "0-1"]
[WhiteElo "1000"]
[BlackElo "1809"]
[PlyCount "54"]
[EventDate "2021.03.27"]
[EventType "swiss"]
[EventRounds "8"]
[EventCountry "SVK"]
[SourceTitle "EXT 2022"]
[Source "ChessBase"]
[SourceDate "2021.10.06"]
[SourceVersion "1"]
[SourceVersionDate "2021.10.06"]
[SourceQuality "1"]

1. e4 c5 2. Bc4 Nc6 3. Nf3 e6 4. Nc3 Nf6 5. d3 d5 6. exd5 exd5 7. Bb5 Bd6 8. Qe2+ Be6 9. Ng5 Qd7 10. Nxe6 fxe6 11. Bxc6 bxc6 12. 0-0 0-0 13. Bg5 Rab8 14. b3 Rbe8 15. Na4 e5 16. f3 Qf5 17. Be3 d4 18. Bc1 Nd5 19. c4 Nf6 20. Ba3 Nd7 21. Qd2 Rf6 22. Rad1 Rh6 23. Bc1 e4 24. fxe4 Bxh2+ 25. Kh1 Qh5 26. Rf3 Bg3+ 27. Kg1 Qh1# 0-1